Калориметрический анализ в качестве инструмента для изучения процесса термического упрочнения сплава БрО15Н5; Высокие технологии в современной науке и технике (ВТСНТ-2016)

Podrobná bibliografie
Parent link:Высокие технологии в современной науке и технике (ВТСНТ-2016).— 2016.— [С. 414-415]
Hlavní autor: Клочков Н. С. Николай Сергеевич
Korporativní autor: Национальный исследовательский Томский политехнический университет (ТПУ) Институт физики высоких технологий (ИФВТ) Кафедра материаловедения и технологии металлов (МТМ)
Další autoři: Егоров Ю. П. Юрий Петрович (научный руководитель)
Shrnutí:Заглавие с титульного экрана
Общеизвестно, что медные сплавы не обладают высокими прочностными свойствами. Для повышения прочностных характеристик существует ряд способов. Одним из таких способов является термическое упрочнение. При термическом упрочнении прочность возрастает в результате дисперсионного твердения после закалки и старения. Этот вывод подтверждается большим количеством работ [1-5] связанных с упрочнением меди и ее сплавов. Цель данной работы заключается в выборе режимов для термического упрочнения бронзы БрО15Н5, используя калоритмический анализ.
Jazyk:ruština
Vydáno: 2016
Edice:Проблемы надежности машиностроения и машиностроительные технологии
Témata:
On-line přístup:http://earchive.tpu.ru/handle/11683/36412
Médium: MixedMaterials Elektronický zdroj Kapitola
KOHA link:https://koha.lib.tpu.ru/cgi-bin/koha/opac-detail.pl?biblionumber=621862

MARC

LEADER 00000naa2a2200000 4500
001 621862
005 20231227124628.0
035 |a (RuTPU)RU\TPU\conf\20483 
035 |a RU\TPU\conf\20482 
090 |a 621862 
100 |a 20170123d2016 k y0rusy50 ca 
101 0 |a rus 
102 |a RU 
105 |a y z 101zy 
135 |a drcn ---uucaa 
181 0 |a i  
182 0 |a b 
200 1 |a Калориметрический анализ в качестве инструмента для изучения процесса термического упрочнения сплава БрО15Н5  |f Н. С. Клочков, Ю. П. Егоров  |g науч. рук. Ю. П. Егоров 
203 |a Текст  |c электронный 
225 1 |a Проблемы надежности машиностроения и машиностроительные технологии 
300 |a Заглавие с титульного экрана 
320 |a [Библиогр.: с. 415 (5 назв.)] 
330 |a Общеизвестно, что медные сплавы не обладают высокими прочностными свойствами. Для повышения прочностных характеристик существует ряд способов. Одним из таких способов является термическое упрочнение. При термическом упрочнении прочность возрастает в результате дисперсионного твердения после закалки и старения. Этот вывод подтверждается большим количеством работ [1-5] связанных с упрочнением меди и ее сплавов. Цель данной работы заключается в выборе режимов для термического упрочнения бронзы БрО15Н5, используя калоритмический анализ. 
463 1 |0 (RuTPU)RU\TPU\conf\20333  |t Высокие технологии в современной науке и технике (ВТСНТ-2016)  |o сборник научных трудов V Международной научно-технической конференции молодых ученых, аспирантов и студентов, г. Томск, 5–7 декабря 2016 г.  |f Национальный исследовательский Томский политехнический университет (ТПУ) ; под ред. А. Н. Яковлева  |v [С. 414-415]  |d 2016 
610 1 |a труды учёных ТПУ 
610 1 |a электронные ресурсы 
610 1 |a термическое упрочнение 
610 1 |a бронза 
610 1 |a шихтовые материалы 
610 1 |a калориметрия 
610 1 |a муфельные печи 
700 1 |a Клочков  |b Н. С.  |c специалист в области материаловедения  |c инженер Томского политехнического университета  |f 1990-  |g Николай Сергеевич  |3 (RuTPU)RU\TPU\pers\35451 
701 1 |a Егоров  |b Ю. П.  |c специалист в области машиностроения  |c заведующий лабораторией Томского политехнического университета, кандидат технических наук  |f 1948-  |g Юрий Петрович  |3 (RuTPU)RU\TPU\pers\26535  |9 12229 
702 1 |a Егоров  |b Ю. П.  |c специалист в области машиностроения  |c доцент Томского политехнического университета, кандидат технических наук  |f 1948-  |g Юрий Петрович  |4 727 
712 0 2 |a Национальный исследовательский Томский политехнический университет (ТПУ)  |b Институт физики высоких технологий (ИФВТ)  |b Кафедра материаловедения и технологии металлов (МТМ)  |3 (RuTPU)RU\TPU\col\18689 
801 2 |a RU  |b 63413507  |c 20170207  |g RCR 
856 4 |u http://earchive.tpu.ru/handle/11683/36412 
942 |c BK